Un siglo de educación en México /
Obra en dos volúmenes que en veintiséis capítulos desarrolla un diagnóstico de la educación mexicana en las postrimerías del siglo XX y su prospectiva de cara al nuevo milenio. El presente volumen uno, trata por un lado de los cambios sociales y la incidencia de la educación en estos procesos y por...
Furkejuvvon:
| Váldodahkki: | |
|---|---|
| Materiálatiipa: | Girji |
| Giella: | espánnjágiella |
| Almmustuhtton: |
México :
Fondo de Cultura Económica : CONACULTA,
1998, c1998
|
| Ráidu: | (Biblioteca Mexicana. Educación y Pedagogía)
|
| Fáttát: | |
| Fáddágilkorat: |
Eai fáddágilkorat, Lasit vuosttaš fáddágilkora!
|
MARC
| LEADER | 00000nam^a2200000^a^4500 | ||
|---|---|---|---|
| 001 | 000350609 | ||
| 005 | 20250521000000.0 | ||
| 009 | 20260310114946.12 | ||
| 020 | |a 968-16-5546-X | ||
| 020 | |a 968-16-5545-1 | ||
| 037 | |a Acervo Xavier Clavigero | ||
| 041 | |a ESP | ||
| 082 | |a 370. 97206 |b LAT V. 1 | ||
| 100 | |a Latapí Sarre, Pablo |e (coordinación) | ||
| 245 | 1 | 3 | |a Un siglo de educación en México / |c Coord. de P. Latapí Sarre. |
| 264 | 4 | |a México : |b Fondo de Cultura Económica : |b CONACULTA, |c 1998, c1998 | |
| 300 | |a 424 p. | ||
| 336 | |a texto |b txt |2 rdacontenido | ||
| 337 | |a sin mediación |b n |2 rdamedio | ||
| 338 | |a volumen |b nc |2 rdasoporte | ||
| 440 | 1 | |a (Biblioteca Mexicana. |p Educación y Pedagogía) | |
| 520 | |a Obra en dos volúmenes que en veintiséis capítulos desarrolla un diagnóstico de la educación mexicana en las postrimerías del siglo XX y su prospectiva de cara al nuevo milenio. El presente volumen uno, trata por un lado de los cambios sociales y la incidencia de la educación en estos procesos y por otro, de los factores de gestión administrativa que posibilitan el buen funcionamiento del sistema educativo. | ||
| 649 | |a XX | ||
| 650 | |a Administración Educativa - |z México | ||
| 650 | |a Educación y Sociedad - |z México | ||
| 650 | |a Educación y Política - |z México | ||
| 650 | |a Arte - |x Estudio y Enseñanza - |z México | ||
| 650 | |a Educación de Adultos - |z México | ||
| 650 | |a Educación Indígena - |z México | ||
| 650 | |a Educación Pública - |z México - |x Historia - |x Tema Principal | ||
| 650 | |a Educación - |z México - |x Historia - |y Siglo XX - |x Tema Principal | ||
| 910 | |a Fondo General | ||
| 920 | |a Impresos - Libros | ||
| 930 | |a Colección General | ||
| 905 | |a 101 | ||
| 901 | |a 0500241187 |b IT1 |c ACC |i FXC D1594 |u 20250521 | ||
| 902 | |a https://opac.biblio.iteso.mx/vufind/Record/000350609 | ||